[Event "33ème Open International d'Avoine"]
[Site "Avoine"]
[Date "2018.07.21"]
[Round "6.17"]
[White "Deveque, Guillaume"]
[Black "Bressy, Theo"]
[Result "0-1"]
[WhiteElo "2043"]
[BlackElo "2194"]
[PlyCount "78"]
[EventDate "2018.??.??"]

1. e4 e6 2. d4 d5 3. Nc3 Nf6 4. Bg5 Be7 5. e5 Nfd7 6. h4 h6 7. Bxe7 Qxe7 8. Bd3
a6 9. Qg4 O-O 10. f4 f5 11. Qg6 Rd8 12. g4 Nf8 13. Qh5 fxg4 14. Nge2 c5 15.
dxc5 Nbd7 16. Nd4 Nxc5 17. O-O-O Nxd3+ 18. Rxd3 Bd7 19. Qxg4 Kh7 20. h5 Be8 21.
Rg3 Qf7 22. f5 exf5 23. Nxf5 Ne6 24. Rhg1 Ng5 25. e6 Qxe6 26. Qf4 Rd7 27. Nd4
Qf7 28. Qe5 Rad8 29. Rxg5 hxg5 30. Ne6 Qf6 31. Qxf6 gxf6 32. Nxd8 Rxd8 33. Rf1
Rd6 34. Rd1 Bxh5 35. Rxd5 Rxd5 36. Nxd5 f5 37. Kd2 Bf7 38. Ne7 Be6 39. b4 Kg7
0-1

[Event "33ème Open International d'Avoine"]
[Site "Avoine"]
[Date "2018.07.21"]
[Round "6.18"]
[White "Navrotescu, Andreea-Cristiana"]
[Black "Yche, Michel"]
[Result "1/2-1/2"]
[WhiteElo "2182"]
[BlackElo "1924"]
[PlyCount "65"]
[EventDate "2018.??.??"]

1. Nf3 Nf6 2. c4 g6 3. g3 Bg7 4. Bg2 O-O 5. O-O d6 6. Nc3 c6 7. d3 Nbd7 8. Rb1
Rb8 9. b4 a6 10. a4 Ne8 11. Bd2 b5 12. Ne1 Bb7 13. Nc2 Nc7 14. Na1 Nb6 15. Nb3
bxc4 16. Na5 cxd3 17. Bxc6 dxe2 18. Qxe2 Bc8 19. Bg2 Bd7 20. Nb7 Qe8 21. a5 Nc8
22. Qf3 Na7 23. Rfe1 Ne6 24. Qe3 Bd4 25. Qd3 Bb5 26. Nxb5 Nxb5 27. Rec1 Rc8 28.
Rxc8 Qxc8 29. Rc1 Qb8 30. Qc4 Qa7 31. Bh6 Bg7 32. Be3 Bd4 33. Bh6 1/2-1/2

[Event "33ème Open International d'Avoine"]
[Site "Avoine"]
[Date "2018.07.21"]
[Round "6.19"]
[White "Viers, Matthieu"]
[Black "Vallet, Marc"]
[Result "1/2-1/2"]
[WhiteElo "2028"]
[BlackElo "2182"]
[PlyCount "71"]
[EventDate "2018.??.??"]

1. e4 Nf6 2. e5 Nd5 3. d4 d6 4. Nf3 Nb6 5. c4 g6 6. exd6 cxd6 7. Be2 Bg7 8. O-O
O-O 9. Be3 Nc6 10. Nc3 Bg4 11. b3 d5 12. c5 Nc8 13. b4 Bxf3 14. Bxf3 e6 15. b5
N6e7 16. Qb3 Nf5 17. Rad1 Nce7 18. Ne2 Nh4 19. Bg5 Nxf3+ 20. Qxf3 h6 21. Bf4
Nf5 22. g4 Nh4 23. Qe3 Kh7 24. Bg3 Bf6 25. f4 Kg7 26. Bxh4 Bxh4 27. Ng3 Bxg3
28. Qxg3 Qa5 29. f5 gxf5 30. gxf5+ Kh7 31. Qe5 Rg8+ 32. Kh1 Qxa2 33. Rg1 Qf2
34. h3 Qf3+ 35. Kh2 Qf2+ 36. Kh1 1/2-1/2

[Event "33ème Open International d'Avoine"]
[Site "Avoine"]
[Date "2018.07.21"]
[Round "6.20"]
[White "Sandu, Mihaela"]
[Black "Joly, Julien"]
[Result "1-0"]
[WhiteElo "2248"]
[BlackElo "1917"]
[PlyCount "79"]
[EventDate "2018.??.??"]

1. e4 c5 2. Nf3 Nc6 3. d4 cxd4 4. Nxd4 e5 5. Nb5 d6 6. N1c3 a6 7. Na3 Be7 8.
Nc4 b5 9. Ne3 Nf6 10. g3 O-O 11. Bg2 b4 12. Ncd5 Nxd5 13. Nxd5 Bg5 14. Bxg5
Qxg5 15. a3 Rb8 16. axb4 Nxb4 17. Ne3 Rd8 18. c3 Nc6 19. b4 a5 20. Qa4 Bb7 21.
b5 Ne7 22. O-O d5 23. exd5 Nxd5 24. Nxd5 Bxd5 25. Bxd5 Rxd5 26. Qxa5 h5 27. c4
Rc5 28. Qa7 Rcc8 29. h4 Qg4 30. Rac1 Ra8 31. Qe3 f6 32. b6 Rab8 33. c5 Qb4 34.
Rfd1 Qb5 35. Rd6 Kf8 36. Qd2 Kg8 37. Qd5+ Kh7 38. Rd7 Rg8 39. b7 Qb2 40. Rd1
1-0

[Event "33ème Open International d'Avoine"]
[Site "Avoine"]
[Date "2018.07.21"]
[Round "6.21"]
[White "Burri, Quentin"]
[Black "Rayne, Remy"]
[Result "1-0"]
[WhiteElo "2423"]
[BlackElo "2028"]
[PlyCount "51"]
[EventDate "2018.??.??"]

1. e4 c6 2. d4 d5 3. e5 c5 4. Nf3 Nc6 5. c4 cxd4 6. Nxd4 e6 7. Nc3 Bb4 8. Nxc6
bxc6 9. Qa4 Bxc3+ 10. bxc3 Ne7 11. Rb1 d4 12. Bd3 dxc3 13. Qc2 Qd4 14. O-O Ng6
15. Rd1 Qxe5 16. Ba3 Qc7 17. Qxc3 f6 18. Be4 Kf7 19. Bd6 Qd7 20. Qf3 Bb7 21.
Bg3 Qc8 22. Rxb7+ Qxb7 23. Bxc6 Qc8 24. Bxa8 Qxa8 25. Rd7+ Ne7 26. Bd6 1-0

[Event "33ème Open International d'Avoine"]
[Site "Avoine"]
[Date "2018.07.21"]
[Round "6.22"]
[White "Heurtebize, Christophe"]
[Black "Deslandes, Pascal"]
[Result "1/2-1/2"]
[WhiteElo "2030"]
[BlackElo "2362"]
[PlyCount "90"]
[EventDate "2018.??.??"]

1. c4 Nf6 2. Nf3 g6 3. g3 Bg7 4. Bg2 O-O 5. O-O d6 6. Nc3 e5 7. d4 Nc6 8. h3 h6
9. e4 exd4 10. Nxd4 Nxe4 11. Nxe4 Nxd4 12. Bxh6 Bxh6 13. Qxd4 Bg7 14. Qd2 Bd7
15. Nc3 Rb8 16. Rac1 Qf6 17. b3 Qd4 18. Qxd4 Bxd4 19. Rfd1 Bxc3 20. Rxc3 Be6
21. f4 Kg7 22. g4 Rfe8 23. Re3 Bd7 24. Rxe8 Bxe8 25. Re1 Kf8 26. Kf2 b5 27.
cxb5 Bxb5 28. Rc1 c5 29. Rd1 Ke7 30. Bd5 Bd7 31. Re1+ Kf8 32. Kg3 Rb4 33. Bc4
a5 34. h4 a4 35. h5 gxh5 36. gxh5 axb3 37. axb3 Be6 38. h6 Kg8 39. Bxe6 fxe6
40. Rxe6 Rxb3+ 41. Kg4 Kh7 42. Rxd6 c4 43. Rc6 Rd3 44. Rxc4 Kxh6 45. Rc6+ Kg7
1/2-1/2

[Event "33ème Open International d'Avoine"]
[Site "Avoine"]
[Date "2018.07.21"]
[Round "6.23"]
[White "Harutyunyan, Safar"]
[Black "Eugene, Floryan"]
[Result "0-1"]
[WhiteElo "2050"]
[BlackElo "2332"]
[PlyCount "108"]
[EventDate "2018.??.??"]

1. e4 e5 2. Nf3 Nc6 3. Bb5 a6 4. Ba4 Nf6 5. O-O Be7 6. Qe2 b5 7. Bb3 O-O 8. c3
d5 9. d3 Re8 10. Nbd2 h6 11. Rd1 Be6 12. a4 b4 13. exd5 Nxd5 14. Bxd5 Qxd5 15.
c4 Qd7 16. Nb3 Rad8 17. Be3 Bg4 18. h3 Bh5 19. g4 Bg6 20. d4 exd4 21. Nbxd4
Nxd4 22. Rxd4 Qe6 23. Rad1 Bf6 24. Rxd8 Rxd8 25. Rxd8+ Bxd8 26. Qd2 Be7 27. b3
Qe4 28. Kg2 Qc6 29. Kg3 Be4 30. Nd4 Bd6+ 31. Bf4 g5 32. Bxd6 Qxd6+ 33. f4 gxf4+
34. Kf2 Qf6 35. Ne2 Qh4+ 36. Kg1 Qxh3 37. Nxf4 Qxg4+ 38. Kf2 Qf3+ 39. Kg1 Kh7
40. c5 h5 41. Qh2 Qd1+ 42. Kf2 Qd2+ 43. Ne2 Qd5 44. Qxc7 Qxb3 45. Qe7 Qf3+ 46.
Ke1 b3 47. Qe5 h4 48. Qg5 b2 49. Qxh4+ Kg6 50. Nf4+ Kf5 51. Qh7+ Kxf4 52. Qh6+
Kf5 53. Qh7+ Ke6 54. Qh6+ Bg6 0-1

[Event "33ème Open International d'Avoine"]
[Site "Avoine"]
[Date "2018.07.21"]
[Round "6.25"]
[White "De La Fontaine, Christophe"]
[Black "Tomasi, Albert"]
[Result "1-0"]
[WhiteElo "1989"]
[BlackElo "2302"]
[PlyCount "49"]
[EventDate "2018.??.??"]

1. e3 Nf6 2. Nf3 g6 3. d4 c5 4. Be2 Bg7 5. O-O O-O 6. c4 cxd4 7. Nxd4 Nc6 8.
Nc3 d6 9. b3 Bd7 10. Bb2 Qa5 11. Bf3 Rfc8 12. Nd5 Nxd5 13. Bxd5 e5 14. Nb5 Bf8
15. f4 Be6 16. fxe5 Nxe5 17. Bxe5 dxe5 18. Qf3 Rc6 19. Bxe6 fxe6 20. Qf7+ Kh8
21. Qxb7 Rac8 22. Rf7 Kg8 23. Rxh7 R6c7 24. Rxc7 Rd8 25. Rh7 1-0

[Event "33ème Open International d'Avoine"]
[Site "Avoine"]
[Date "2018.07.21"]
[Round "6.26"]
[White "Bonnaud, Remy"]
[Black "Dupont, Victor"]
[Result "1-0"]
[WhiteElo "2234"]
[BlackElo "1999"]
[PlyCount "73"]
[EventDate "2018.??.??"]

1. d4 d5 2. Bg5 Nf6 3. Bxf6 exf6 4. e3 Be6 5. Nd2 c6 6. g3 Nd7 7. Bg2 b5 8. Ne2
Bd6 9. b3 O-O 10. O-O Rb8 11. c3 Re8 12. Qc2 Nb6 13. Nf4 Qd7 14. Nxe6 fxe6 15.
c4 Bb4 16. c5 Bxd2 17. cxb6 Bb4 18. a3 Bd6 19. bxa7 Ra8 20. a4 b4 21. Rac1 Rec8
22. e4 f5 23. exf5 exf5 24. Rfe1 g6 25. Re2 Qxa7 26. Re6 Qd7 27. Re2 Kf7 28.
Qd3 Re8 29. Rec2 Rec8 30. Rxc6 Kg7 31. Bxd5 Rf8 32. Rxd6 Qxd6 33. Bxa8 Rxa8 34.
d5 Ra5 35. Qd4+ Kf7 36. Rc6 Qxd5 37. Qf6+ 1-0

[Event "33ème Open International d'Avoine"]
[Site "Avoine"]
[Date "2018.07.21"]
[Round "6.27"]
[White "Daeschler, Florian"]
[Black "Vekemans, Denis"]
[Result "1-0"]
[WhiteElo "2228"]
[BlackElo "1961"]
[PlyCount "67"]
[EventDate "2018.??.??"]

1. d4 g6 2. c4 Bg7 3. g3 d6 4. Bg2 c6 5. Nc3 f5 6. Nf3 Nf6 7. O-O O-O 8. Qc2 a5
9. b3 Na6 10. Bb2 Nh5 11. Rad1 Qe8 12. Na4 f4 13. Nb6 Bf5 14. Qd2 Rd8 15. Qxa5
c5 16. Qd2 cxd4 17. Nxd4 fxg3 18. hxg3 Nc5 19. Nxf5 Bxb2 20. Nh6+ Kg7 21. Nd5
e5 22. Ng4 Qe6 23. Nh2 Ba3 24. b4 Nd7 25. Qc3 Ra8 26. Nc7 Qf6 27. Nxa8 Rxa8 28.
c5 Nxc5 29. bxc5 Bxc5 30. Rb1 Ra3 31. Rxb7+ Kf8 32. Rb3 Rxa2 33. Qc4 Qg5 34.
Rb8+ 1-0

[Event "33ème Open International d'Avoine"]
[Site "Avoine"]
[Date "2018.07.21"]
[Round "6.28"]
[White "Drogou, Gerard"]
[Black "Frick, Christoph"]
[Result "0-1"]
[WhiteElo "1939"]
[BlackElo "2215"]
[PlyCount "46"]
[EventDate "2018.??.??"]

1. d4 d5 2. Nf3 Nf6 3. e3 c6 4. c4 Bg4 5. cxd5 Bxf3 6. Qxf3 cxd5 7. Nc3 Nc6 8.
Bd3 e6 9. O-O Bd6 10. Bd2 Qe7 11. Rac1 Rd8 12. Qh3 h5 13. f4 g5 14. e4 dxe4 15.
Nxe4 Nxe4 16. Bxe4 Nxd4 17. fxg5 Ne2+ 18. Kh1 Nxc1 19. Rxc1 Bxh2 20. Bc3 Qxg5
21. Re1 Bg3 22. Rf1 Rg8 23. Bxb7 Qb5 0-1

[Event "33ème Open International d'Avoine"]
[Site "Avoine"]
[Date "2018.07.21"]
[Round "6.29"]
[White "Vekemans, Sylvain"]
[Black "Ronce, Nathan"]
[Result "1/2-1/2"]
[WhiteElo "1929"]
[BlackElo "2198"]
[PlyCount "70"]
[EventDate "2018.??.??"]

1. c4 e6 2. Nc3 d5 3. e4 dxe4 4. Nxe4 Nc6 5. Nf3 e5 6. d3 Be7 7. Be2 Nf6 8. O-O
O-O 9. a3 a5 10. Rb1 Re8 11. Nxf6+ Bxf6 12. b4 axb4 13. axb4 Bf5 14. b5 Ne7 15.
Qc2 Ng6 16. Nd2 Bg5 17. g3 Nf8 18. Bb2 Bxd2 19. Qxd2 f6 20. Ra1 Qd7 21. Rxa8
Rxa8 22. Ra1 Rxa1+ 23. Bxa1 Ne6 24. Qe3 b6 25. Qf3 Nc5 26. d4 exd4 27. Bxd4
Qxd4 28. Qxf5 Qd7 29. Qxd7 Nxd7 30. f4 Kf7 31. Kf2 Ke6 32. Ke3 f5 33. Kd4 Kd6
34. Bf3 Nf6 35. h3 Ng8 1/2-1/2

[Event "33ème Open International d'Avoine"]
[Site "Avoine"]
[Date "2018.07.21"]
[Round "6.30"]
[White "Poignot, Quentin"]
[Black "De Coninck, Erik"]
[Result "1-0"]
[WhiteElo "2191"]
[BlackElo "1988"]
[PlyCount "49"]
[EventDate "2018.??.??"]

1. e4 c5 2. Nf3 Nc6 3. d4 cxd4 4. Nxd4 e5 5. Nb5 d6 6. c4 Be7 7. N1c3 a6 8. Na3
Be6 9. Be2 Nf6 10. O-O O-O 11. Be3 Rc8 12. Qd2 Ng4 13. Bxg4 Bxg4 14. Nd5 Be6
15. Rfd1 Bxd5 16. cxd5 Nb8 17. Rac1 f5 18. exf5 Rxc1 19. Rxc1 Rxf5 20. Qc2 Rf7
21. Qc8 Qf8 22. Qe6 Bd8 23. Rc8 Nd7 24. Nc4 Kh8 25. Rxd8 1-0

[Event "33ème Open International d'Avoine"]
[Site "Avoine"]
[Date "2018.07.21"]
[Round "6.31"]
[White "Roger, Mehdi"]
[Black "Lucidarme, Damien"]
[Result "1-0"]
[WhiteElo "2177"]
[BlackElo "1947"]
[PlyCount "57"]
[EventDate "2018.??.??"]

1. e4 e5 2. Nc3 Nf6 3. Nf3 d6 4. d4 Nbd7 5. Bc4 Be7 6. O-O O-O 7. Re1 c6 8. a4
Qc7 9. Ba2 b6 10. h3 Bb7 11. Bg5 a6 12. Nh4 Rfe8 13. Nf5 Bf8 14. dxe5 dxe5 15.
Qf3 b5 16. Re3 g6 17. Nh6+ Bxh6 18. Bxh6 b4 19. Rd1 Re7 20. Red3 Nh5 21. Bg5
Ndf6 22. Bxf6 Nxf6 23. Qxf6 bxc3 24. Rxc3 Rae8 25. Rg3 c5 26. Rxg6+ hxg6 27.
Qxg6+ Kh8 28. Qh6+ Kg8 29. Rd3 1-0

[Event "33ème Open International d'Avoine"]
[Site "Avoine"]
[Date "2018.07.21"]
[Round "6.32"]
[White "Mevel, Alberic"]
[Black "Coiffait, Casimir"]
[Result "1-0"]
[WhiteElo "2169"]
[BlackElo "1937"]
[PlyCount "65"]
[EventDate "2018.??.??"]

1. e4 e6 2. d4 d5 3. Nc3 Nf6 4. e5 Nfd7 5. f4 c5 6. Nf3 Nc6 7. Be3 a6 8. Qd2 b5
9. Be2 Qb6 10. O-O cxd4 11. Nxd4 Bc5 12. Rad1 Rb8 13. Rf3 Nxd4 14. Bxd4 Bxd4+
15. Qxd4 Qxd4+ 16. Rxd4 g5 17. g3 Rg8 18. Kf2 gxf4 19. gxf4 f6 20. exf6 Nxf6
21. Re3 Kf7 22. a3 Ng4+ 23. Bxg4 Rxg4 24. Ne2 Bb7 25. Rh3 Rg7 26. Rdd3 Rc8 27.
Nd4 Rcg8 28. Rc3 Re8 29. Rc7+ Kg8 30. Rg3 Rxg3 31. hxg3 Bc8 32. Nc6 Kf8 33. Na7
1-0

[Event "33ème Open International d'Avoine"]
[Site "Avoine"]
[Date "2018.07.21"]
[Round "6.33"]
[White "Merenciano, Alexandre"]
[Black "Imperor, Lorene"]
[Result "0-1"]
[WhiteElo "2139"]
[BlackElo "1914"]
[PlyCount "82"]
[EventDate "2018.??.??"]

1. e4 c5 2. Nf3 e6 3. d4 cxd4 4. Nxd4 Nf6 5. Bd3 Be7 6. O-O d6 7. c4 Nc6 8.
Nxc6 bxc6 9. Nd2 O-O 10. Qe2 e5 11. b3 Nd7 12. Bb2 Bf6 13. Rfd1 Nc5 14. Nf1 Qb6
15. Bc3 Rd8 16. Kh1 Ne6 17. Qb2 a5 18. Rab1 Bh4 19. g3 Be7 20. Ne3 Nc5 21. h4
f6 22. Qc2 Qa7 23. Bf1 Be6 24. Rd2 g6 25. Bg2 Bf8 26. Rbd1 Rab8 27. g4 Rd7 28.
Bh3 Qc7 29. Kg2 Bh6 30. g5 Bxh3+ 31. Kxh3 fxg5 32. Ng4 Bg7 33. hxg5 Qd8 34. f4
Rbb7 35. fxe5 Qxg5 36. Rxd6 Rxd6 37. Rxd6 h5 38. Nf2 Rf7 39. Qe2 Rf4 40. Kh2
Rh4+ 41. Nh3 Bxe5+ 0-1

[Event "33ème Open International d'Avoine"]
[Site "Avoine"]
[Date "2018.07.21"]
[Round "6.34"]
[White "Dupont, Arthur"]
[Black "Maloberti, David"]
[Result "0-1"]
[WhiteElo "1915"]
[BlackElo "2136"]
[PlyCount "134"]
[EventDate "2018.??.??"]

1. Nf3 Nf6 2. g3 g6 3. Bg2 Bg7 4. O-O O-O 5. c4 d6 6. d4 Nc6 7. Nc3 e5 8. dxe5
dxe5 9. Qxd8 Rxd8 10. Bg5 Be6 11. Nd5 Bxd5 12. cxd5 Rxd5 13. Nd2 e4 14. Bxf6
Rxd2 15. Bxg7 Kxg7 16. Bxe4 Rxe2 17. Bxc6 bxc6 18. b3 Rd8 19. Rfe1 Rc2 20. Rec1
Rdd2 21. Rxc2 Rxc2 22. a4 c5 23. Rd1 c4 24. b4 Rb2 25. b5 Rb4 26. Rd7 Rxa4 27.
Rxc7 Ra5 28. Rxc4 Rxb5 29. Ra4 a5 30. Kg2 Kf6 31. Kf3 Ke6 32. Ke3 Kd5 33. Kd3
Kc6 34. Re4 Rb3+ 35. Kd2 Rb2+ 36. Ke3 Rb7 37. Kd3 Rb3+ 38. Kd2 Rb2+ 39. Ke3 Rb4
40. Re7 Rb7 41. Re5 Kb6 42. Kd3 Rc7 43. Re8 a4 44. Rb8+ Rb7 45. Rh8 h5 46. Kc3
Ra7 47. Rb8+ Kc5 48. Rb2 a3 49. Ra2 Kd5 50. Kd3 g5 51. f3 g4 52. f4 f5 53. Kc3
Ke4 54. Kc4 h4 55. gxh4 Kxf4 56. Kd5 Ra6 57. Rf2+ Ke3 58. Ra2 f4 59. h5 Ra5+
60. Ke6 Rxh5 61. Rxa3+ Kf2 62. Ra4 Kf3 63. Ra3+ Kg2 64. Ra4 f3 65. Rxg4+ Kxh2
66. Rf4 Kg3 67. Rf7 f2 0-1

[Event "33ème Open International d'Avoine"]
[Site "Avoine"]
[Date "2018.07.21"]
[Round "6.35"]
[White "Gey, Marc-Emile"]
[Black "Serralta, Michel"]
[Result "0-1"]
[WhiteElo "1900"]
[BlackElo "2126"]
[PlyCount "66"]
[EventDate "2018.??.??"]

1. Nf3 Nf6 2. c4 g6 3. Nc3 d5 4. cxd5 Nxd5 5. Qb3 Nb6 6. d4 Be6 7. Qc2 Nc6 8.
e4 Nb4 9. Qd1 Bg4 10. Be2 Bg7 11. Be3 O-O 12. d5 Rc8 13. a3 Na6 14. Bd4 Bxf3
15. gxf3 e5 16. Be3 c6 17. Bxa6 bxa6 18. Bc5 Re8 19. d6 Re6 20. Qd3 Bh6 21. Rd1
Qd7 22. Qxa6 f5 23. Qd3 Qf7 24. Rg1 Kh8 25. Ke2 Rd8 26. exf5 gxf5 27. b4 Bf8
28. Rg5 Rf6 29. f4 Bxd6 30. fxe5 Nd5 31. Nxd5 Bxc5 32. exf6 Rxd5 33. Qg3 Qe6+
0-1

[Event "33ème Open International d'Avoine"]
[Site "Avoine"]
[Date "2018.07.21"]
[Round "6.36"]
[White "Batteux, Mickael"]
[Black "Kempinski, Andre"]
[Result "0-1"]
[WhiteElo "2106"]
[BlackElo "1898"]
[PlyCount "162"]
[EventDate "2018.??.??"]

1. d4 e6 2. Nf3 f5 3. d5 Bd6 4. Nc3 Nf6 5. g3 O-O 6. dxe6 dxe6 7. Bg2 e5 8. O-O
e4 9. Nd4 c6 10. Nb3 Qe7 11. Qd2 Na6 12. a3 h6 13. Rd1 Bc7 14. Qe1 Ng4 15. h3
Ne5 16. Nd4 Nc5 17. Rb1 Ne6 18. Nxe6 Bxe6 19. b3 b5 20. Be3 a5 21. b4 axb4 22.
axb4 Nd7 23. Qd2 Rfd8 24. Qe1 Bd6 25. Bd2 Nb6 26. Ra1 Rxa1 27. Rxa1 Nc4 28. Rd1
Nxd2 29. Qxd2 Bc7 30. Qe3 Rxd1+ 31. Nxd1 Qxb4 32. Kh2 Qd6 33. Nc3 Qd8 34. Qc5
Bd7 35. e3 Qf6 36. Ne2 Qd6 37. Qa7 g5 38. Qa8+ Kg7 39. Qa1+ Kf7 40. Qh8 Qf6 41.
Qa8 Ke7 42. Kg1 c5 43. Kh2 h5 44. Qd5 Bd6 45. Qd2 Be5 46. Qd5 Bd6 47. Qd2 b4
48. Qd5 h4 49. Kg1 Qa1+ 50. Bf1 Qh8 51. Bg2 Qc8 52. Bxe4 hxg3 53. Bf3 gxf2+ 54.
Kxf2 Be6 55. Qd3 Qh8 56. Bg2 f4 57. exf4 gxf4 58. Qe4 Qe5 59. Qb7+ Kf8 60. Qa8+
Kg7 61. Qb7+ Bc7 62. Ke1 Kf6 63. Qa8 Kg5 64. Qb7 Bc4 65. Bf3 Be6 66. Qa8 c4 67.
Qf8 b3 68. h4+ Kg6 69. h5+ Kg5 70. Qe7+ Kh6 71. Qf8+ Qg7 72. Qxg7+ Kxg7 73.
cxb3 cxb3 74. Kd2 Be5 75. Be4 Kh6 76. Bg6 Kg5 77. Ng1 Kg4 78. h6 f3 79. Bh5+
Kxh5 80. Nxf3 Bf6 81. Kc1 b2+ 0-1

[Event "33ème Open International d'Avoine"]
[Site "Avoine"]
[Date "2018.07.21"]
[Round "6.37"]
[White "Retailleau, Elise"]
[Black "Englisch, Colya"]
[Result "0-1"]
[WhiteElo "1901"]
[BlackElo "2097"]
[PlyCount "82"]
[EventDate "2018.??.??"]

1. e4 d6 2. d4 Nf6 3. Nc3 g6 4. f4 Bg7 5. Nf3 c5 6. Bb5+ Bd7 7. e5 Ng4 8. e6
fxe6 9. Ng5 Bxb5 10. Nxb5 Qa5+ 11. c3 Qxb5 12. Nxe6 Qd7 13. Qxg4 cxd4 14. f5
Rg8 15. fxg6 Bf6 16. g7 Kf7 17. Ng5+ Bxg5 18. Qh5+ Kxg7 19. Qxg5+ Kh8 20. Qd5
Nc6 21. O-O dxc3 22. bxc3 e6 23. Qh5 Qg7 24. Rf2 Qg6 25. Qh3 Raf8 26. Re2 e5
27. Ba3 Na5 28. Rd1 Nc4 29. Bc1 Qg4 30. Qd3 Rf3 31. Qc2 Rxc3 32. Qe4 Qxe4 33.
Rxe4 Rc2 34. h4 Kg7 35. Bg5 Re8 36. Rf1 Nd2 37. Bxd2 Rxd2 38. Rb4 b6 39. Ra4
Re7 40. g4 e4 41. Re1 d5 0-1

[Event "33ème Open International d'Avoine"]
[Site "Avoine"]
[Date "2018.07.21"]
[Round "6.38"]
[White "Rodriguez Rodriguez, Antonio"]
[Black "Tardi, Oscar"]
[Result "1-0"]
[WhiteElo "2088"]
[BlackElo "1868"]
[PlyCount "39"]
[EventDate "2018.??.??"]

1. e4 d6 2. d4 Nf6 3. Nc3 Nbd7 4. Nf3 e5 5. g4 Nxg4 6. Rg1 exd4 7. Nxd4 Nde5 8.
h3 Nf6 9. Be3 a6 10. f4 Ned7 11. Qf3 c5 12. Nb3 Qc7 13. O-O-O b5 14. e5 Bb7 15.
Qg3 dxe5 16. fxe5 Ne4 17. Nxe4 Bxe4 18. e6 Ne5 19. exf7+ Kxf7 20. Qf4+ 1-0

[Event "33ème Open International d'Avoine"]
[Site "Avoine"]
[Date "2018.07.21"]
[Round "6.39"]
[White "El Fakkak, Radouan"]
[Black "Bauche, Timothe"]
[Result "0-1"]
[WhiteElo "1858"]
[BlackElo "2086"]
[PlyCount "50"]
[EventDate "2018.??.??"]

1. e4 e5 2. Bc4 Nf6 3. d3 c6 4. Nf3 d5 5. exd5 cxd5 6. Bb3 Bd6 7. h3 O-O 8. O-O
h6 9. Re1 Nc6 10. c3 Bf5 11. Bc2 Qd7 12. Nbd2 Rfe8 13. Nf1 b5 14. g4 Nxg4 15.
hxg4 Bxg4 16. N1h2 e4 17. dxe4 dxe4 18. Bf4 Bxf3 19. Bxd6 Bxd1 20. Rexd1 Qf5
21. Bg3 Rad8 22. Rxd8 Nxd8 23. Nf1 Qg6 24. f3 f5 25. fxe4 f4 0-1

[Event "33ème Open International d'Avoine"]
[Site "Avoine"]
[Date "2018.07.21"]
[Round "6.40"]
[White "Fruteau, Sabine"]
[Black "Davy, Bruno"]
[Result "1/2-1/2"]
[WhiteElo "2071"]
[BlackElo "1841"]
[PlyCount "128"]
[EventDate "2018.??.??"]

1. e4 c6 2. d4 d5 3. e5 Bf5 4. Ne2 e6 5. Ng3 Bg6 6. h4 h6 7. h5 Bh7 8. Bd3 Bxd3
9. Qxd3 Nd7 10. O-O Qc7 11. c3 Ne7 12. b3 O-O-O 13. Qf3 f5 14. exf6 gxf6 15.
Re1 e5 16. dxe5 fxe5 17. Qf7 Nc5 18. Ba3 Nd3 19. Re3 e4 20. Nd2 Kb8 21. c4 Qe5
22. Rd1 Rg8 23. Nf3 Qg7 24. Qxg7 Rxg7 25. Nd4 Nf4 26. Bxe7 Bxe7 27. Ndf5 Rh7
28. Nxe7 Rxe7 29. f3 Rg8 30. Kf2 Rf7 31. fxe4 Nxh5+ 32. Rf3 Rxf3+ 33. gxf3 Rxg3
34. cxd5 cxd5 35. Rxd5 Rg5 36. Rd6 Nf4 37. Rxh6 Nd3+ 38. Ke3 Nc5 39. f4 Rg2 40.
b4 Nd7 41. e5 Nxe5 42. fxe5 Rxa2 43. Rh4 Kc8 44. Rd4 Rh2 45. Kf3 Rh1 46. Kg4
Rf1 47. Kg5 Rg1+ 48. Kf6 Rf1+ 49. Ke7 Rc1 50. e6 Rc2 51. Rd5 b6 52. Rd8+ Kb7
53. Rd7+ Ka6 54. Kd8 Kb5 55. Rxa7 Kxb4 56. e7 Rd2+ 57. Rd7 Re2 58. e8=Q Rxe8+
59. Kxe8 b5 60. Rb7 Kc4 61. Rc7+ Kd3 62. Rb7 Kc4 63. Kd7 b4 64. Kd6 b3 1/2-1/2

[Event "33ème Open International d'Avoine"]
[Site "Avoine"]
[Date "2018.07.21"]
[Round "6.41"]
[White "Marchais, Antoine"]
[Black "Bianchi, Guillaume"]
[Result "1-0"]
[WhiteElo "1753"]
[BlackElo "2071"]
[PlyCount "39"]
[EventDate "2018.??.??"]

1. e4 c5 2. Nc3 d6 3. g3 Nc6 4. Bg2 g6 5. d3 Bg7 6. Be3 h5 7. h3 Bd7 8. f4 e5
9. Nf3 Qc8 10. Qd2 Nd4 11. h4 Nh6 12. fxe5 dxe5 13. O-O Ng4 14. Nd5 Qd8 15. Bg5
f6 16. Nxe5 O-O 17. Nxg6 fxg5 18. Nde7+ Kh7 19. Nxf8+ Bxf8 20. Rf7+ 1-0

[Event "33ème Open International d'Avoine"]
[Site "Avoine"]
[Date "2018.07.21"]
[Round "6.42"]
[White "Lardon, Quentin"]
[Black "Bournel, Antoine"]
[Result "0-1"]
[WhiteElo "1780"]
[BlackElo "2066"]
[PlyCount "108"]
[EventDate "2018.??.??"]

1. c4 e5 2. Nc3 Nc6 3. g3 f5 4. Bg2 Nf6 5. e3 d5 6. cxd5 Nb4 7. d3 Nfxd5 8.
Nxd5 Nxd5 9. a3 c6 10. Ne2 Bd6 11. b4 O-O 12. O-O Be6 13. Qc2 f4 14. exf4 exf4
15. Nd4 Qd7 16. Bd2 Bh3 17. Rae1 Rf6 18. Nf3 Raf8 19. Qc4 a6 20. Qe4 Rh6 21.
Ng5 Bxg2 22. Qxg2 Rh5 23. Nf3 Nf6 24. Bc3 Bc7 25. Be5 Bxe5 26. Nxe5 Qd4 27. Nf3
Qxd3 28. g4 Rd5 29. Ne5 Qxa3 30. g5 Nd7 31. Nxd7 Rxd7 32. Qg4 Rdf7 33. Re4 c5
34. Rfe1 cxb4 35. Re8 Qd3 36. Rxf8+ Rxf8 37. Qe6+ Kh8 38. Qe7 Qd8 39. Qxb4
Qxg5+ 40. Kh1 Qd5+ 41. Kg1 Kg8 42. h4 f3 43. Re4 h5 44. Qe7 Qf5 45. Re5 Qg4+
46. Kf1 Rc8 47. Ke1 Qg1+ 48. Kd2 Qxf2+ 49. Kd3 Qc2+ 50. Ke3 Qe2+ 51. Kf4 Rc4+
52. Kf5 Qd3+ 53. Kg5 Rg4+ 54. Kxh5 Qg6# 0-1

[Event "33ème Open International d'Avoine"]
[Site "Avoine"]
[Date "2018.07.21"]
[Round "6.43"]
[White "Garcia, Adrien"]
[Black "Pionnier, Camille"]
[Result "1-0"]
[WhiteElo "2066"]
[BlackElo "1798"]
[PlyCount "83"]
[EventDate "2018.??.??"]

1. Nc3 b6 2. d4 e6 3. Bf4 Bb7 4. Nf3 Nf6 5. e3 d5 6. Bd3 Be7 7. O-O O-O 8. Ne5
c5 9. Qf3 Nc6 10. Nxc6 Bxc6 11. Ne2 Ne4 12. Qh3 f5 13. Bxe4 dxe4 14. dxc5 Bxc5
15. Rfd1 Qe7 16. Be5 Rfd8 17. Qg3 Rd7 18. Nf4 Rad8 19. Rxd7 Rxd7 20. Nh5 Bd6
21. h3 Bxe5 22. Qxe5 Rd5 23. Qb8+ Qe8 24. Qxe8+ Bxe8 25. Nf4 Rd2 26. Nxe6 Rxc2
27. b3 Kf7 28. Nd4 Rc5 29. Kf1 Bb5+ 30. Ke1 Bd3 31. Kd2 Kf6 32. f4 Ra5 33. h4
h6 34. a3 Rc5 35. b4 Rc4 36. Rc1 Rxc1 37. Kxc1 Kg6 38. Nc6 a6 39. Ne5+ Kh5 40.
g3 g5 41. hxg5 hxg5 42. Nxd3 1-0

[Event "33ème Open International d'Avoine"]
[Site "Avoine"]
[Date "2018.07.21"]
[Round "6.44"]
[White "Crook, Oliver-James"]
[Black "Schmit, Vincent"]
[Result "0-1"]
[WhiteElo "1844"]
[BlackElo "2285"]
[PlyCount "76"]
[EventDate "2018.??.??"]

1. d4 Nf6 2. Bg5 e6 3. Nd2 d5 4. Ngf3 c5 5. c3 Qb6 6. Qc2 Be7 7. Nb3 cxd4 8.
Nbxd4 O-O 9. e3 Nbd7 10. Be2 a6 11. O-O h6 12. Bh4 Nc5 13. Ne5 Nce4 14. f3 Nc5
15. Kh1 Qc7 16. f4 Ncd7 17. Ndf3 Bc5 18. Bf2 Ne4 19. Bg1 Ndf6 20. Bd3 b6 21.
Rad1 Bb7 22. Nd2 Nxd2 23. Rxd2 a5 24. Bb5 Ne4 25. Re2 Ba6 26. Bxa6 Rxa6 27. g4
b5 28. Rg2 Bd6 29. Nf3 b4 30. g5 h5 31. g6 bxc3 32. Nd4 cxb2 33. Qe2 Rb6 34.
Qxh5 Nf6 35. gxf7+ Rxf7 36. Qh6 b1=Q 37. Rf3 Qh7 38. Qg5 Qh5 0-1

[Event "33ème Open International d'Avoine"]
[Site "Avoine"]
[Date "2018.07.21"]
[Round "6.45"]
[White "Trouve, Guillaume"]
[Black "Aubert, Estee"]
[Result "1/2-1/2"]
[WhiteElo "2176"]
[BlackElo "1854"]
[PlyCount "55"]
[EventDate "2018.??.??"]

1. e4 c5 2. Nf3 e6 3. d4 cxd4 4. Nxd4 Nf6 5. Nc3 Nc6 6. Ndb5 Bb4 7. a3 Bxc3+ 8.
Nxc3 d5 9. exd5 exd5 10. Bd3 O-O 11. O-O d4 12. Ne2 Bg4 13. f3 Bh5 14. Nf4 Bg6
15. Nxg6 hxg6 16. f4 Ne7 17. f5 Nxf5 18. Bxf5 gxf5 19. Rxf5 Qb6 20. Qd3 Rac8
21. Bg5 Qxb2 22. Raf1 Rc3 23. Qd1 Rxc2 24. Qf3 Rc3 25. Qf4 Rc2 26. Qf3 Rc3 27.
Qf4 Rc2 28. Qf3 1/2-1/2